Anyanyelvi írásbeli dolgozatok a francia középiskolákban

Elmentve itt :
Bibliográfiai részletek
Szerző: Nagy József
Dokumentumtípus: Cikk
Megjelent: 1909
Sorozat:Magyar pedagógia : a Magyar Tudományos Akadémia Pedagógiai Bizottságának folyóirata 18
Kulcsszavak:Anyanyelv tanítása középiskola, Kifejezőkészség fejlesztése iskolai, Fogalmazás tanítása középiskola, Írásbeli dolgozatok
Online Access:http://misc.bibl.u-szeged.hu/8579
LEADER 00786nab a2200181 i 4500
001 misc8579
005 20191106143850.0
008 170607s1909 hu o 0|| hun d
022 |a 0025-0260 
040 |a SZTE Miscellanea Repozitórium  |b hun 
041 |a hun 
100 1 |a Nagy József 
245 1 0 |a Anyanyelvi írásbeli dolgozatok a francia középiskolákban  |h [elektronikus dokumentum] /  |c  Nagy József 
260 |c 1909 
300 |a 643-646 
490 0 |a Magyar pedagógia : a Magyar Tudományos Akadémia Pedagógiai Bizottságának folyóirata  |v 18 
695 |a Anyanyelv tanítása középiskola, Kifejezőkészség fejlesztése iskolai, Fogalmazás tanítása középiskola, Írásbeli dolgozatok 
856 4 0 |u http://misc.bibl.u-szeged.hu/8579/1/mp_1909_1439_643-646.pdf  |z Dokumentum-elérés